Escritura y desconstrucción (Record no. 18121)

MARC details
000 -LEADER
campo de control de longitud fija 00707nam a2200229 i 4500
001 - NÚMERO DE CONTROL
campo de control 18121
003 - IDENTIFICADOR DE NÚMERO DE CONTROL
campo de control ES-MaACL
005 - FECHA Y HORA DE LA ÚLTIMA TRANSACCIÓN
campo de control 20230906151749.0
007 - CAMPO FIJO DE DESCRIPCIÓN FÍSICA--INFORMACIÓN GENERAL
campo de control de longitud fija t|
008 - DATOS DE LONGITUD FIJA--INFORMACIÓN GENERAL
campo de control de longitud fija 010822s1995 ag ||||1| spa d
020 ## - NÚMERO INTERNACIONAL ESTÁNDAR DEL LIBRO
Número Internacional Estándar del Libro 950-786-017-7
080 ## - NÚMERO DE LA CLASIFICACIÓN DECIMAL UNIVERSAL
Número de la Clasificación Decimal Universal 81:1
080 ## - NÚMERO DE LA CLASIFICACIÓN DECIMAL UNIVERSAL
Número de la Clasificación Decimal Universal 1 Derrida, Jacques
100 1# - ENTRADA PRINCIPAL--NOMBRE DE PERSONA
Nombre de persona Ferro, Roberto.
9 (RLIN) 50597
245 10 - MENCIÓN DEL TÍTULO
Título Escritura y desconstrucción
Resto del título : lectura (h)errada con Jacques Derrida /
Mención de responsabilidad, etc. Roberto Ferro.
260 ## - PUBLICACIÓN, DISTRIBUCIÓN, ETC.
Lugar de publicación, distribución, etc. Buenos Aires :
Nombre del editor, distribuidor, etc. Biblos,
Fecha de publicación, distribución, etc. [1995]
300 ## - DESCRIPCIÓN FÍSICA
Extensión 178 p. ;
Dimensiones 23 cm.
600 14 - PUNTO DE ACCESO ADICIONAL DE MATERIA--NOMBRE DE PERSONA
Nombre de persona Derrida, Jacques-
Subdivisión de forma Crítica e interpretación.
9 (RLIN) 43798
650 #4 - PUNTO DE ACCESO ADICIONAL DE MATERIA--TÉRMINO DE MATERIA
Término de materia o nombre geográfico como elemento de entrada Lenguaje-
Subdivisión general Filosofía.
9 (RLIN) 14344
650 14 - PUNTO DE ACCESO ADICIONAL DE MATERIA--TÉRMINO DE MATERIA
Término de materia o nombre geográfico como elemento de entrada Deconstrucción.
9 (RLIN) 11540
852 ## - LOCALIZACIÓN
Ubicación ES-MaACL
Número de control de estantería L-24849
Sublocalización o colección R.130182
Holdings
Estatus retirado Estado de pérdida Estado de daño No para préstamo Biblioteca de origen Biblioteca actual Ubicación en estantería Fecha de adquisición Fuente de adquisición Total de préstamos Signatura topográfica completa Código de barras Visto por última vez Precio de reemplazo Tipo de ítem Koha
        Biblioteca del Ateneo de Madrid Biblioteca del Ateneo de Madrid Depósito 2 17/01/2008     L-24849 1018522 23/02/2023 23/02/2023 Libro impreso